<?xml version="1.0" encoding="UTF-8"?><?xml-stylesheet type="text/xsl" href="static/style.xsl"?><OAI-PMH xmlns="http://www.openarchives.org/OAI/2.0/" xmlns:xsi="http://www.w3.org/2001/XMLSchema-instance" xsi:schemaLocation="http://www.openarchives.org/OAI/2.0/ http://www.openarchives.org/OAI/2.0/OAI-PMH.xsd"><responseDate>2026-06-29T07:26:02Z</responseDate><request verb="GetRecord" identifier="oai:docta.ucm.es:20.500.14352/119553" metadataPrefix="marc">https://docta.ucm.es/rest/oai/request</request><GetRecord><record><header><identifier>oai:docta.ucm.es:20.500.14352/119553</identifier><datestamp>2025-04-22T23:48:27Z</datestamp><setSpec>com_20.500.14352_14</setSpec><setSpec>col_20.500.14352_15</setSpec></header><metadata><record xmlns="http://www.loc.gov/MARC21/slim" xmlns:dcterms="http://purl.org/dc/terms/" xmlns:xsi="http://www.w3.org/2001/XMLSchema-instance" xmlns:doc="http://www.lyncode.com/xoai" xsi:schemaLocation="http://www.loc.gov/MARC21/slim http://www.loc.gov/standards/marcxml/schema/MARC21slim.xsd">
   <leader>00925njm 22002777a 4500</leader>
   <datafield ind2=" " ind1=" " tag="042">
      <subfield code="a">dc</subfield>
   </datafield>
   <datafield ind2=" " ind1=" " tag="720">
      <subfield code="a">Amigo Vázquez, María Lourdes</subfield>
      <subfield code="e">author</subfield>
   </datafield>
   <datafield ind2=" " ind1=" " tag="260">
      <subfield code="c">2019</subfield>
   </datafield>
   <datafield ind2=" " ind1=" " tag="520">
      <subfield code="a">Cientos de páginas se han escrito sobre la Fronda, siempre con la misma constante: una escasa atención a la Monarquía Hispánica. Pero
en el marco de la guerra por la hegemonía europea (1635-1659), Felipe IV no podía desaprovechar la gran ocasión que se presentaba para intervenir en los conflictos internos de Francia y, de esta forma, restar fuerzas al enemigo, al igual que este hacía en Cataluña y Portugal (y antes en Italia). Con un análisis global de la participación española en las revueltas, a través, principalmente, de la rica documentación conservada en el Archivo General
de Simancas, se trata de dar el primer paso para llenar un importante vacío historiográfico que existe todavía a ambos lados de los Pirineos. De esta
forma se comprobará hasta qué punto, a la altura de los años 1648-1653, no todo estaba ya decidido en la Guerra Franco-Española y cómo la Fronda
no fue un «asunto» exclusivamente francés.</subfield>
   </datafield>
   <datafield ind2=" " ind1=" " tag="520">
      <subfield code="a">Thousands of pages have been dedicated to the Fronde, all of them based upon the same underlying assumption: little or no attention has been paid to the involvement of the Spanish Monarchy. Yet given the context of a pan-European struggle for hegemony (1635-1659), Philip IV could hardly fail to take advantage of this singularly-favourable opportunity to intervene in the internal conflicts of France and so weaken his principal enemy, in much the same way as Paris had become involved in Catalonia and Portugal (and, previously, in Italy.) This thorough but detailed analysis of Spanish involvement in these quintessentially ‘French’ revolts is principally based upon the rich  documentation held in the Archivo General de Simancas, and so constitutes a first step towards correcting a historiographical oversight that still prevails on both sides of the Pyrenees. It will attempt to set out a provisional  interpretation of the extent to which the outcome of the Franco-Spanish war had yetto be resolved in the years 1648-1653 and how the Fronde was not an exclusively French affair.</subfield>
   </datafield>
   <datafield ind1="8" ind2=" " tag="024">
      <subfield code="a">Amigo Vázquez, Lourdes. «Un nuevo escenario de la guerra con Francia. La intervención española en la Fronda (1648-1653)». Studia historica. Historia moderna, vol. 41, n.º 1, 2019, pp. 153-88, https://doi.org/10.14201/SHHMO2019411153188.</subfield>
   </datafield>
   <datafield ind1="8" ind2=" " tag="024">
      <subfield code="a">0213-2079</subfield>
   </datafield>
   <datafield ind1="8" ind2=" " tag="024">
      <subfield code="a">10.14201/shhmo2019411153188</subfield>
   </datafield>
   <datafield ind1="8" ind2=" " tag="024">
      <subfield code="a">https://hdl.handle.net/20.500.14352/119553</subfield>
   </datafield>
   <datafield ind1="8" ind2=" " tag="024">
      <subfield code="a">2386-3889</subfield>
   </datafield>
   <datafield ind1="8" ind2=" " tag="024">
      <subfield code="a">https://doi.org/10.14201/shhmo2019411153188</subfield>
   </datafield>
   <datafield ind2="0" ind1="0" tag="245">
      <subfield code="a">Un nuevo escenario de la guerra con Francia. La intervención española en la Fronda (1648-1649)</subfield>
   </datafield>
</record></metadata></record></GetRecord></OAI-PMH>